<?xml version="1.0" encoding="UTF-8"?>
<collection xmlns="http://www.loc.gov/MARC21/slim">
<record>
  <controlfield tag="001">134623</controlfield>
  <controlfield tag="005">20240424142036.0</controlfield>
  <datafield tag="024" ind1="7" ind2=" ">
    <subfield code="2">doi</subfield>
    <subfield code="a">10.55783/rcmf.160304</subfield>
  </datafield>
  <datafield tag="024" ind1="8" ind2=" ">
    <subfield code="2">sideral</subfield>
    <subfield code="a">138318</subfield>
  </datafield>
  <datafield tag="037" ind1=" " ind2=" ">
    <subfield code="a">ART-2023-138318</subfield>
  </datafield>
  <datafield tag="041" ind1=" " ind2=" ">
    <subfield code="a">spa</subfield>
  </datafield>
  <datafield tag="100" ind1=" " ind2=" ">
    <subfield code="a">Callejas Gil, Inmaculada</subfield>
  </datafield>
  <datafield tag="245" ind1=" " ind2=" ">
    <subfield code="a">Aplicación de las nuevas tecnologías en Atención Primaria en el control del paciente con sobrepeso u obesidad y factores de riesgo cardiovascular</subfield>
  </datafield>
  <datafield tag="260" ind1=" " ind2=" ">
    <subfield code="c">2023</subfield>
  </datafield>
  <datafield tag="520" ind1="3" ind2=" ">
    <subfield code="a">El objetivo es evaluar un seguimiento telemático (web o aplicación [app]) para pacientes con sobrepeso/obesidad y otros dos factores de riesgo cardiovascular: hipertensión arterial (HTA), dislipemia, diabetes mellitus (DM), sedentarismo, consumo tabáquico. Diseño: es un estudio de intervención con asignación aleatoria al grupo intervención (web o app) y al grupo control. Emplazamiento: centros de salud rurales y urbanos, docentes y no docentes, del Sector Zaragoza I. Participantes: 261 personas con índice de masa corporal (IMC) &amp;gt; 25 kg/m2 y otros dos factores de riesgo. Intervenciones: seguimiento de 18 meses con puntos de corte al inicio, 1, 6, 12 y 18 meses. Las mediciones principales son peso, tensión arterial, consumo tabáquico, eventos cardiovasculares, calidad de vida y bioquímica. Resultados: el grupo control finalizó el estudio en mayor proporción (79% versus 14%). El grupo control consiguió una pérdida del 8% de la mediana de peso al año y el grupo intervención un 5%. A los 6 meses, el grupo control logró disminuir el 7% la tensión arterial sistólica y el 5% la diastólica. La hemoglobina glicosilada (HbA1c) descendió un 1% en el grupo control y un 0,5% en el grupo intervención (test de Wilcoxon: 10; p = 0,089). El colesterol de lipoproteínas de baja densidad (cLDL) del grupo control descendió 9 mg/dL, y el del grupo intervención, 7 mg/dl (test de Wilcoxon: 1.089; p = 0,018). El hábito tabáquico disminuyó en todos los grupos (test de Wilcoxon: 21; p = 0,036). El grupo control presentó mayor prevalencia de eventos cardiovasculares. La calidad de vida mejoró en todos los grupos (test Wilcoxon: 979; p = 0,041). Conclusiones: las/los pacientes que acuden al centro de salud para un seguimiento de peso consiguen mejores resultados que si el seguimiento se hace de forma telemática.</subfield>
  </datafield>
  <datafield tag="506" ind1="0" ind2=" ">
    <subfield code="a">Access copy available to the general public</subfield>
    <subfield code="f">Unrestricted</subfield>
  </datafield>
  <datafield tag="540" ind1=" " ind2=" ">
    <subfield code="9">info:eu-repo/semantics/openAccess</subfield>
    <subfield code="a">by-nc-nd</subfield>
    <subfield code="u">http://creativecommons.org/licenses/by-nc-nd/3.0/es/</subfield>
  </datafield>
  <datafield tag="655" ind1=" " ind2="4">
    <subfield code="a">info:eu-repo/semantics/article</subfield>
    <subfield code="v">info:eu-repo/semantics/publishedVersion</subfield>
  </datafield>
  <datafield tag="700" ind1=" " ind2=" ">
    <subfield code="a">Bartolomé Moreno, Cruz</subfield>
  </datafield>
  <datafield tag="700" ind1=" " ind2=" ">
    <subfield code="a">Magallón Botaya, Rosa</subfield>
    <subfield code="u">Universidad de Zaragoza</subfield>
    <subfield code="0">(orcid)0000-0002-5494-6550</subfield>
  </datafield>
  <datafield tag="700" ind1=" " ind2=" ">
    <subfield code="a">Bona Otal, Marta</subfield>
  </datafield>
  <datafield tag="700" ind1=" " ind2=" ">
    <subfield code="a">Bravo Andrés, Raquel</subfield>
  </datafield>
  <datafield tag="700" ind1=" " ind2=" ">
    <subfield code="a">Vera Colás, Marina</subfield>
  </datafield>
  <datafield tag="710" ind1="2" ind2=" ">
    <subfield code="1">1007</subfield>
    <subfield code="2">610</subfield>
    <subfield code="a">Universidad de Zaragoza</subfield>
    <subfield code="b">Dpto. Medicina, Psiqu. y Derm.</subfield>
    <subfield code="c">Area Medicina</subfield>
  </datafield>
  <datafield tag="773" ind1=" " ind2=" ">
    <subfield code="g">16, 3 (2023), 260-266</subfield>
    <subfield code="p">Rev. clín. med. fam.</subfield>
    <subfield code="t">Revista clínica de medicina de familia</subfield>
    <subfield code="x">1699-695X</subfield>
  </datafield>
  <datafield tag="856" ind1="4" ind2=" ">
    <subfield code="s">571132</subfield>
    <subfield code="u">http://zaguan.unizar.es/record/134623/files/texto_completo.pdf</subfield>
    <subfield code="y">Versión publicada</subfield>
  </datafield>
  <datafield tag="856" ind1="4" ind2=" ">
    <subfield code="s">2977181</subfield>
    <subfield code="u">http://zaguan.unizar.es/record/134623/files/texto_completo.jpg?subformat=icon</subfield>
    <subfield code="x">icon</subfield>
    <subfield code="y">Versión publicada</subfield>
  </datafield>
  <datafield tag="909" ind1="C" ind2="O">
    <subfield code="o">oai:zaguan.unizar.es:134623</subfield>
    <subfield code="p">articulos</subfield>
    <subfield code="p">driver</subfield>
  </datafield>
  <datafield tag="951" ind1=" " ind2=" ">
    <subfield code="a">2024-04-24-13:24:46</subfield>
  </datafield>
  <datafield tag="980" ind1=" " ind2=" ">
    <subfield code="a">ARTICLE</subfield>
  </datafield>
</record>
</collection>